01064nam a2200241 i 450000100060000000300090000600500170001500700030003200800410003502000180007610000390009424501290013326000920026230000210035449000620037550400400043765000290047771000760050683000700058285200320065299900170068495201210070170191ES-MaACL20230906170739.0t|040720s1982 sp ||||1| spa d a84-7481-188-01 aGarcía Pérez, Jesús.918750913aLa sinfisiotomía b: su incorporación a la tocurgia en Europa : su divulgación en Europa / cJesús García Pérez. aSalamanca : b[Universidad de Salamanca, Cátedra de Historia de la Medicina], c1982. a52 p. ; c20 cm.1 aTrabajos de la Cátedra de Historia de la Medicina ; v9 aBibliografía: p. 47-52. Índice.14aSinfisiotomía.92003392 aUniversidad de Salamanca. bCátedra de Historia de la Medicina.972780 aTrabajos de la Cátedra de Historia de la Medicina ; v99231027 aES-MaACLjL-2690 bR.103426 c70191d70191 00104070aATENEOMbATENEOMcDEPO2d2008-01-17eSCl0oL-2690p1073500r2023-02-23 00:00:00w2023-02-23yMONOGRAFIA